| 000 | 00000nam##2200000za#4500 |
| 001 | 9.669183 |
| 003 | CaOODSP |
| 005 | 20220107104220 |
| 007 | ta |
| 008 | 150407|2007||||xxc||||| f|0| 0 eng|d |
| 040 | |aCaOODSP|beng |
| 041 | |aeng |
| 041 | |afre |
| 043 | |an-cn--- |
| 086 | 1 |aHP35-5/2007 |
| 110 | 2 |aCentre for Chronic Disease Prevention and Control (Canada) |
| 245 | 10|aGuidelines for monitoring breast screening program performance : |breport from the Evaluation Indicators Working Group |
| 250 | |a2nd ed. |
| 260 | |bPublic Health Agency of Canada. |cAugust 2007. |
| 300 | |aEnglish text, iii, 30p. : |bfig., references, tables ; |c28 cm. |
| 500 | |aIncorrect catalogue number (HP35-5/2007E) and ISBN (978-0-662-46165-4) printed in this publication. |
| 520 | 3 |aThe purpose of this document is to define an initial set of performance measures for Canadian breast cancer screening programs. The document will serve as a guide to promote consistent calculation of key performance measures for various monitoring and evaluation efforts across programs and over time. |
| 563 | |aSoftcover |
| 590 | |a07-36|b2007-09-07 |
| 690 | 07|aBreast cancer|2gcpds |
| 776 | 0#|tGuidelines for monitoring breast cancer screening performance : |w(CaOODSP)9.689873 |
| 776 | 0#|tLignes directrices pour la surveillance de la performance des programmes de dépistage du cancer du sein : |w(CaOODSP)9.634250 |
| 792 | |tLignes directrices pour la surveillance de la performance des programmes de dépistage du cancer du sein : |efre|w(CaOODSP)9.669184 |